00353nam a22000857a 4500008004100000082001900041100008700060245011200147300000800259230602b xxu||||| |||| 00| 0 eng d a302.94419bINT cpress, information and communication.Department of the ministry of foreign Affairs aThe institutions of The Fifth Republicbministry of foreign Affairs .cpress, information and communication a32p